000 00478nam a2200181Ia 4500
005 20250508160343.0
008 008 250505s9999 xx 000 0 eng d
037 _aTextual
040 _aFEDL
_beng
_cFEDL
041 _aeng
_2eng
084 _a374, ASS
_qFEDL
100 _aBeegle J Allan Ed.
_9768337
245 0 _aRural social systems and adult education
260 _c1953
300 _aviii,392p.
942 _cTEXL
_h374, ASS
999 _c1363949
_d1363949